WWE Wrestlemania Main Event Winners - Statistics

General Stats
  • This quiz has been taken 412 times
  • The average score is 24 of 32
Answer Stats
Wrestlemania Answer % Correct
2 Hulk Hogan
92%
3 Hulk Hogan
92%
5 Hulk Hogan
92%
7 Hulk Hogan
92%
8 Hulk Hogan
92%
9 Hulk Hogan
92%
22 John Cena
88%
23 John Cena
88%
29 John Cena
88%
32 Roman Reigns
87%
28 The Rock
83%
16 Triple H
83%
18 Triple H
83%
25 Triple H
83%
31 Seth Rollins
80%
12 Shawn Michaels
80%
19 Brock Lesnar
79%
30 Daniel Bryan
78%
13 The Undertaker
74%
24 The Undertaker
74%
26 The Undertaker
74%
10 Bret Hart
71%
14 Stone Cold Steve Austin
70%
15 Stone Cold Steve Austin
70%
17 Stone Cold Steve Austin
70%
27 The Miz
70%
21 Batista
69%
20 Chris Benoit
64%
4 Randy Savage
63%
6 The Ultimate Warrior
41%
11 Lawrence Taylor
34%
1 Hulk Hogan & Mr T
18%
No matching quizzes found
Score Distribution
Percent of People with Each Score
Percentile by Number Answered
Your Score History
You have not taken this quiz